| 000 | 00421nam a2200169Ia 4500 | ||
|---|---|---|---|
| 001 | 24672 | ||
| 005 | 20260414151059.0 | ||
| 008 | 260414t2012||||xx |||||||||||||| ||spa|| | ||
| 041 | _aESP | ||
| 082 |
_a345.721 _bM61A |
||
| 110 | _aMinisterio de Justicia y Derechos Humanos | ||
| 245 | 0 |
_aNormatividad de conciliación y arbitraje _b |
|
| 260 | _c2012 | ||
| 650 | _aDER | ||
| 654 | _aCDE | ||
| 942 |
_cLIB _dJUS _fJUS _2ddc _n |
||
| 999 |
_c24672 _d24672 |
||